| 000 | 00667nam a2200205Ia 4500 | ||
|---|---|---|---|
| 003 | GCL | ||
| 005 | 20240530101822.0 | ||
| 008 | 140319s9999 xx 000 0 ara d | ||
| 020 | _a7553247977 | ||
| 040 |
_aGCL / _cGCL |
||
| 082 | 0 | 4 |
_a216.2 _bع ا |
| 100 | 1 | _aعبدالحليم الجندى | |
| 245 | 1 | 0 |
_aالامام محمد بن عبدالوهاب او انتصار المنهج السلفى / _cعبدالحليم الجندى |
| 260 |
_aالقاهرة : _bدار المعارف ، _c1978 |
||
| 300 |
_a229 ص ؛ _c24 سم |
||
| 650 | 0 | 4 | _aالاسلام |
| 650 | 0 | 4 | _aالوهابية |
| 650 | 0 | 4 | _aمحمد بن عبدالوهاب |
| 942 |
_2ddc _cBK |
||
| 999 |
_c27920 _d27920 |
||